000 00700nam a2200289Ia 4500
005 20260324123508.0
008 008 260324s9999 xx 000 0 eng d
020 _a9780203124383
037 _aEBOOK
040 _aCRL
040 _beng
040 _cCRL
041 _2eng
041 _aeng
084 _qCRL
100 _aMichael Shapiro; Samson Opondo
_91170529
245 4 _aThe New Violent Cartography
245 0 _bGeo-Analysis after the Aesthetic Turn
260 _bTaylor and Francis
260 _c2012
365 _a
365 _b240
856 _uhttp://www.taylorfrancis.com/books/9780203124383
942 _cEBOOK
999 _c1764102
_d1764102